000 01004nam a22003257a 4500
003 CHAP
005 20220817041932.0
008 971013s1970 r 00010 d
010 _a29267
011 _a30239
035 _a34351
040 _cCHAP
082 _a664
_bK7 1970
100 0 0 _aKramer, Amihud.
_963847
245 _aQuality control for the food industry
250 _a3 ed.
260 _aWestport, Conn. :
_bAVI,
_c1970-73
300 _a2 v.
505 _aContenido : v.1 Fundamentals.-v.2 Applications
590 _aBATCH-UPD
_b10
_c20130110
_lUCH01
_h0254
590 _aBATCH-UPD
_b10
_c20130110
_lUCH01
_h1148
590 _aCONVERSION
_b10
_c20130109
_lUCH01
_h1317
650 1 4 _aAlimentos
_xCalidad.
650 1 4 _aAlimentos
_xIndustria.
_94227
700 0 _aTwigg, Bernard A.
_9115721
901 _aBK
942 _cLIBRO
949 _a664 K7 1970
_bBC
_cLIBRO
_d33724000133237
_eLIBRO
_fc.2
_h52403
_i34351
_si
949 _a664 K7 1970
_bBC
_cLIBRO
_d33724000133245
_eLIBRO
_h52402
_i34351
_si
999 _c29267
_d29267